Ako podniky na Slovensku uplatňujú moderné manažérske metódy a nástroje?
Stav a schopnosti podnikových manažérov využívať súčasné dostupné metódy a techniky manažmentu. Zároveň aj naznačené rezervy - mnohým podnikom je rad metód neznámy a zostáva nevyužívaný, respektíve nové nástroje sú manažérom aj známe, ale z rôznych príčin sú menej využívané.
Uložené v:
| Hlavný autor: | |
|---|---|
| Ďalší autori: | |
| Médium: | Kapitola |
| Jazyk: | Slovak |
| Predmet: | |
| Tagy: |
Žiadne tagy, Buďte prvý, kto otaguje tento záznam!
|
MARC
| LEADER | 00000nla a2200000 4500 | ||
|---|---|---|---|
| 001 | 0240254 | ||
| 005 | 20240502073912.2 | ||
| 041 | 0 | |a slo | |
| 044 | |a SK | ||
| 245 | 1 | 0 | |a Ako podniky na Slovensku uplatňujú moderné manažérske metódy a nástroje? |c Ľuboslav Szabo, Andrea Čambalíková |
| 520 | |a Stav a schopnosti podnikových manažérov využívať súčasné dostupné metódy a techniky manažmentu. Zároveň aj naznačené rezervy - mnohým podnikom je rad metód neznámy a zostáva nevyužívaný, respektíve nové nástroje sú manažérom aj známe, ale z rôznych príčin sú menej využívané. | ||
| 610 | 2 | 0 | |a manažment |
| 610 | 2 | 0 | |a manažéri |
| 610 | 2 | 0 | |a metódy riadenia |
| 610 | 2 | 0 | |a riadenie |
| 610 | 2 | 0 | |a organizácia podniku |
| 610 | 2 | 0 | |a organizácia riadenia |
| 100 | 1 | |a Szabo, Ľuboslav | |
| 700 | 1 | |a Čambalíková, Andrea, 1990- | |